| Tag |
First Indicator |
Second Indicator |
Subfields |
| LEADER |
00000cam a2200000 i 4500 |
| 001 |
in00004095607 |
| 005 |
20210728140233.0 |
| 006 |
m do | | |
| 007 |
cr ||||||||||| |
| 008 |
191023s2020 nyua ob 001 0 eng |
| 010 |
|
|
|a 2019035303
|
| 020 |
|
|
|a 019087015X
|q electronic book
|
| 020 |
|
|
|a 0190870168
|q electronic book
|
| 020 |
|
|
|a 0190870176
|q electronic book
|
| 020 |
|
|
|a 9780190870157
|q electronic book
|
| 020 |
|
|
|a 9780190870164
|q electronic book
|
| 020 |
|
|
|a 9780190870171
|q electronic book
|
| 020 |
|
|
|z 9780190870133
|q paperback
|
| 020 |
|
|
|z 9780190870140
|q hardcover
|
| 024 |
8 |
|
|a 99984003138
|
| 035 |
|
|
|a (DLC)ybp16622731
|
| 035 |
|
|
|a 5969792
|
| 040 |
|
|
|a NhCcYBP
|c NhCcYBP
|d UtOrBLW
|
| 042 |
|
|
|a pcc
|
| 043 |
|
|
|a n-us---
|
| 050 |
|
4 |
|a HT123
|b .G579 2020
|
| 082 |
0 |
0 |
|a 307.760973
|2 23
|
| 100 |
1 |
|
|a Gordon, Eric,
|d 1973-
|e author.
|0 http://id.loc.gov/authorities/names/no2010029970
|
| 245 |
1 |
0 |
|a Meaningful inefficiencies :
|b civic design in an age of digital expediency /
|c Eric Gordon and Gabriel Mugar.
|
| 264 |
|
1 |
|a New York, NY :
|b Oxford University Press,
|c [2020]
|
| 300 |
|
|
|a 1 online resource.
|
| 336 |
|
|
|a text
|b txt
|2 rdacontent
|
| 337 |
|
|
|a computer
|b c
|2 rdamedia
|
| 338 |
|
|
|a online resource
|b cr
|2 rdacarrier
|
| 500 |
|
|
|a Electronic resource.
|
| 504 |
|
|
|a Includes bibliographical references and index.
|
| 588 |
|
|
|a Description based on online resource; title from digital title page (viewed on February 28, 2020).
|
| 650 |
|
0 |
|a Community development
|z United States.
|0 http://id.loc.gov/authorities/subjects/sh2008100078
|
| 650 |
|
0 |
|a Human services
|z United States
|x Planning
|x Citizen participation.
|
| 650 |
|
0 |
|a Municipal government
|z United States
|x Citizen participation.
|
| 650 |
|
0 |
|a Trust
|z United States.
|
| 650 |
|
0 |
|a Urban policy
|z United States
|x Citizen participation.
|
| 655 |
|
7 |
|a Electronic books.
|2 local
|
| 700 |
1 |
|
|a Mugar, Gabriel,
|e author.
|0 http://id.loc.gov/authorities/names/n2019063611
|
| 710 |
2 |
|
|a UPSO (University Press Scholarship Online)
|
| 776 |
1 |
8 |
|i Print version:
|a Gordon, Eric, 1973-
|t Meaningful inefficiencies
|d New York, NY : Oxford University Press, [2020]
|z 9780190870133
|w (DLC) 2019035302
|
| 856 |
4 |
0 |
|u http://proxy.library.tamu.edu/login?url=https://dx.doi.org/10.1093/oso/9780190870140.001.0001
|z Connect to the full text of this electronic book
|t 0
|
| 955 |
|
|
|a YBP purchased approval e-records
|
| 980 |
|
|
|b 222.75
|g 1
|
| 999 |
f |
f |
|s 84b1fc47-39e6-3836-ab47-789312161323
|i 92a1d53f-6207-3ec2-bd37-5d2bc29b0134
|t 0
|
| 952 |
f |
f |
|a Texas A&M University
|b College Station
|c Electronic Resources
|d Available Online
|t 0
|e HT123 .G579 2020
|h Library of Congress classification
|
| 998 |
f |
f |
|a HT123 .G579 2020
|t 0
|l Available Online
|